| 000 | 00514cam a22002051 4500 | ||
|---|---|---|---|
| 001 | 9254720 | ||
| 005 | 20180111051910.0 | ||
| 008 | 720324s1941 nyu 000 0 eng | ||
| 010 | _a 41008800 | ||
| 035 | _a(OCoLC)270512 | ||
| 040 |
_aDLC _cODaWU _dOCoLC _dDLC |
||
| 041 | _aeng | ||
| 080 | _a812.508 | ||
| 082 | 0 | 0 | _a812.508 HAT |
| 100 | 1 | _a21 | |
| 101 | _aGJL | ||
| 245 | 1 | 0 |
_aModern American dramas, _cedited by Harlan Hatcher. |
| 906 |
_a7 _bcbc _coclcrpl _du _encip _f19 _gy-gencatlg |
||
| 942 |
_2ddc _cBK |
||
| 999 |
_c40093 _d40093 |
||